• 首页
  • 本馆介绍
  • 公告通知
  • 最新文献
  • 馆藏检索
  • 电子资源
  • 读者导购
  • 参考咨询
  • 我的图书馆
  • 登录
  • 详细信息显示
  • 放入我的书架
  • 预约/预借图书
  • 作者相关作品
  • 分类相关作品
  • 丛书相关作品
  • 出版社相关作品

书目信息

  • 表格格式
  • 工作单格式
  • 卡片格式
题名:
运动稳定性理论与应用
    
 
作者: 秦元勋 著
分册:  
出版信息: 北京   科学出版社  1981
页数: 517页
开本: 21cm
丛书名:
单 册:
中图分类: O317
科图分类:
主题词: 运动稳定性理论
电子资源:
ISBN:
000 00671nam0 2200241 45
001 0181005312
005 20040630152045.0
010    @dCNY3.05
091    @aCN@b13031.1569
100    @a19950517d1981 em y0chiy0121 ea
101 0  @achi
102    @aCN@b110000
105    @ay z 000yy
106    @ar
200 10 @a运动稳定性理论与应用@Ayun dong wen ding xing li lun yu ying yong@f秦元勋等著@FQin Yuan Xun Deng Zhu
210    @a北京@c科学出版社@d1981
215    @a517页@d21cm
606    @a运动稳定性理论
690    @aO317@v3
701  0 @a秦元勋@Aqin yuan xun@4著
801  0 @aCN@b上海图书馆@c20040630
801  2 @aCN@bNLC@c20040630
905    @f1@b218103@dO317@e10
    
    运动稳定性理论与应用/秦元勋等著.-北京:科学出版社,1981
    517页;21cm
    
    
    ISBN :CNY3.05
    
●
相关链接 在E读中查询图书 在五车中查询图书 在当当中查询图书 在豆瓣中查询图书


正题名:运动稳定性理论与应用     索取号:O317/10         预约/预借

序号 登录号 条形码 馆藏地/架位号 状态 备注
1 0218103   001937863   第三借阅区/ [索取号:O317/10] 在馆    
2 0218104   000384505   第二样本阅览室/ [索取号:O317/10] 在馆    
唐山师范学院图书馆 欢迎您!
大连网信软件有限公司© 版权所有